书目信息 |
| 题名: |
娑萨朗
|
|
| 作者: | 雪漠 著 | |
| 分册: | Ⅲ 造化的魔盒 | |
| 出版信息: | 北京 作家出版社有限公司 2024.04 |
|
| 页数: | 499页 | |
| 开本: | 21cm | |
| 丛书名: | ||
| 单 册: | ||
| 中图分类: | I227.3 | |
| 科图分类: | ||
| 主题词: | 叙事诗--诗集--中国--当代 | |
| 电子资源: | ||
| ISBN: | 978-7-5212-2532-7 | |
| 000 | 00823nam0 2200241 450 | |
| 001 | 0100084054 | |
| 005 | 20250617163241.12 | |
| 010 | @a978-7-5212-2532-7@dCNY73.25 | |
| 100 | @a20240607d2024 em y0chiy50 ea | |
| 101 | 0 | @achi |
| 102 | @aCN@b110000 | |
| 105 | @ay z 000gy | |
| 106 | @ar | |
| 200 | 1 | @a娑萨朗@9suo sa lang@hⅢ@i造化的魔盒@b专著@f雪漠著 |
| 210 | @a北京@c作家出版社有限公司@d2024.04 | |
| 215 | @a499页@d21cm | |
| 330 | @a本书为第二十三至第三十四乐章,主要内容包括:地狱(上);地狱(下);寻找;密集郎的呓语;比翼;大山;战神;美人心机;惨败;度化;成长;断手;乐章;降魔;山重水复;破茧;粗幻身等。 | |
| 333 | @a诗歌爱好者 | |
| 606 | 0 | @a叙事诗@x诗集@y中国@z当代 |
| 690 | @aI227.3@v5 | |
| 701 | 0 | @a雪漠@9xue mo@f(1963-)@4著 |
| 801 | 0 | @aCN@b人天书店@c20250616 |
| 905 | @b1624409@dI227.3@e953:3@f1 | |
| 娑萨朗.Ⅲ.造化的魔盒/雪漠著.-北京:作家出版社有限公司,2024.04 |
| 499页;21cm |
| 使用对象:诗歌爱好者 |
| ISBN 978-7-5212-2532-7:CNY73.25 |
| 本书为第二十三至第三十四乐章,主要内容包括:地狱(上);地狱(下);寻找;密集郎的呓语;比翼;大山;战神;美人心机;惨败;度化;成长;断手;乐章;降魔;山重水复;破茧;粗幻身等。 |
| ● |
| 相关链接 |
|
|
|
|
正题名:娑萨朗
索取号:I227.3/953:3
 
预约/预借
| 序号 | 登录号 | 条形码 | 馆藏地/架位号 | 状态 | 备注 |
| 1 | 1624409 | 216244099 | 第一样本阅览室/ [索取号:I227.3/953:3] | 在馆 |